Loading...
| Current Events | 1 | 20.00 | 100% | 100% | 0% |
| Fine Arts - Classical Music | 4 | 7.50 | 75% | 0% | 0% |
| Fine Arts - Other Fine Arts | 4 | 7.50 | 50% | 0% | 25% |
| Fine Arts - Painting and Sculpture | 5 | 10.00 | 60% | 40% | 0% |
| Geography | 1 | 10.00 | 100% | 0% | 0% |
| History - American History | 4 | 17.50 | 100% | 75% | 0% |
| History - European History | 5 | 20.00 | 100% | 80% | 20% |
| History - Other History | 3 | 6.67 | 33% | 33% | 0% |
| History - World History | 5 | 20.00 | 100% | 100% | 0% |
| Literature - American Literature | 4 | 15.00 | 100% | 50% | 0% |
| Literature - British Literature | 3 | 16.67 | 100% | 67% | 0% |
| Literature - European Literature | 3 | 13.33 | 100% | 33% | 0% |
| Literature - World Literature | 8 | 10.00 | 75% | 25% | 0% |
| Mythology | 4 | 10.00 | 100% | 0% | 0% |
| Other Academic | 1 | 20.00 | 100% | 100% | 0% |
| Philosophy | 5 | 8.00 | 60% | 20% | 0% |
| Pop Culture | 1 | 10.00 | 100% | 0% | 0% |
| Religion | 4 | 7.50 | 75% | 0% | 0% |
| Science - Biology | 6 | 8.33 | 83% | 0% | 0% |
| Science - Chemistry | 2 | 0.00 | 0% | 0% | 0% |
| Science - Other Science | 7 | 8.57 | 57% | 14% | 14% |
| Science - Physics | 4 | 7.50 | 50% | 0% | 25% |
| Social Science | 3 | 13.33 | 100% | 33% | 0% |